[Event "AUTO-OPEN-669"]
[Site "http://www.queenalice.com/game.php?id=213848"]
[Date "2007.5.20"]
[Round "1"]
[White "CampbellMarcel"]
[Black "AmericaRN"]
[Result "1-0"]
[WhiteElo "1839"]
[BlackElo "891"]

1. Nf3 Nc6 2. e4 Nf6 3. e5 Ne4 4. d4 d5 5. exd6 Qxd6 6. Bb5 Qb4+ 7. Nc3 e6 8.
Bxc6+ bxc6 9. O-O c5 10. Nxe4 cxd4 11. Nxd4 Bc5 12. Nxc5 Qxc5 13. Nb3 Qb5 14.
Nd4 Qc4 15. b3 Qc3 16. Be3 e5 17. Nb5 Qb4 18. Nxc7+ Kf8 19. Nxa8 h5 20. Qd8# 1-0

[Event "AUTO-OPEN-669"]
[Site "http://www.queenalice.com/game.php?id=213849"]
[Date "2007.5.20"]
[Round "1"]
[White "AmericaRN"]
[Black "CampbellMarcel"]
[Result "1-0"]
[WhiteElo "995"]
[BlackElo "1829"]

1. e4 e6 2. d4 Ne7 3. e5 Nbc6 4. c3 Nd5 5. Nf3 Be7 6. g3 O-O 7. c4 Bb4+ 8. Ke2
Nde7 9. a3 Ba5 10. Bg5 f6 11. Bf4 f5 12. Nc3 Bxc3 13. bxc3 b6 14. c5 Bb7 15.
cxb6 axb6 16. c4 Ba6 17. Nd2 Nxd4+ 18. Kd3 c5 19. h3 b5 20. Qc1 bxc4+ 21. Nxc4
Nb3 22. Qc3 Nxa1 23. Qxa1 Bxc4+ 24. Kxc4 Ra4+ 25. Kxc5 Qa5+ 26. Kd6 Rd4+ 27.
Qxd4 Qa6+ 28. Bxa6 1-0

[Event "AUTO-OPEN-669"]
[Site "http://www.queenalice.com/game.php?id=213876"]
[Date "2007.5.20"]
[Round "1"]
[White "Milton"]
[Black "AmericaRN"]
[Result "1-0"]
[WhiteElo "1518"]
[BlackElo "995"]

1. e4 e5 2. Nf3 d6 3. d4 Nf6 4. dxe5 dxe5 5. Qxd8+ Kxd8 6. Bg5 Nc6 7. Nc3 Bb4 8.
O-O-O+ Nd4 9. Nxd4 h6 10. Bxf6+ gxf6 11. Nd5 Bg4 12. Be2 exd4 13. Bxg4 h5 14.
Bf5 Ke8 15. Nxc7+ Ke7 16. Rxd4 a5 17. Nxa8 Rxa8 18. Rhd1 Ra6 19. Rd7+ Kf8 20.
Rxb7 Ra8 21. e5 fxe5 22. c3 Bd6 23. Rxd6 a4 24. g4 h4 25. Rh6 a3 26. bxa3 Rxa3
27. Be6 Rxc3+ 28. Kb2 Rd3 29. Bxf7 Rd2+ 30. Ka3 Rd3+ 31. Bb3 e4 32. Rh8# 1-0

[Event "AUTO-OPEN-669"]
[Site "http://www.queenalice.com/game.php?id=213877"]
[Date "2007.5.20"]
[Round "1"]
[White "AmericaRN"]
[Black "Milton"]
[Result "0-1"]
[WhiteElo "927"]
[BlackElo "1532"]

1. Nc3 c5 2. e4 Nc6 3. d3 Nd4 4. h4 Nf6 5. Bf4 d6 6. Nb5 Qa5+ 7. Nc3 e5 8. Bg5
Ng4 9. Nf3 h6 10. Bd2 Qb4 11. a3 Qxb2 12. Be2 Nxc2+ 13. Qxc2 Qxa1+ 14. Nb1 Be6
15. O-O b5 16. d4 cxd4 17. Bxb5+ Bd7 18. Qa4 Rd8 19. Ba5 Bxb5 20. Qxb5+ Rd7 21.
Qb8+ Ke7 22. Nbd2 Qxa3 23. Nc4 Qc5 24. Nfxe5 dxe5 25. Bb4 Qxb4 26. Nxe5 Rd6 27.
Qxa7+ Ke6 28. Nxf7 d3 29. Nxh8 Qxe4 30. Qf7+ Ke5 31. Qxf8 Rf6 32. Qxg7 Qf4 33.
Ng6+ Ke4 34. Nxf4 Rxf4 35. Qg6+ Kd4 36. f3 Ne3 37. Qd6+ Kc3 38. Rc1+ Kd2 39.
Qxf4 Kxc1 0-1

[Event "AUTO-OPEN-669"]
[Site "http://www.queenalice.com/game.php?id=213894"]
[Date "2007.5.20"]
[Round "1"]
[White "kloosterveen"]
[Black "AmericaRN"]
[Result "1-0"]
[WhiteElo "1700"]
[BlackElo "995"]

1. d4 Nc6 2. e3 e6 3. Nf3 Nh6 4. Be2 Bb4+ 5. Bd2 O-O 6. O-O d6 7. a3 Bxd2 8.
Nbxd2 Na5 9. b4 Nc4 10. Bxc4 d5 11. Bd3 a5 12. Qb1 b6 13. c3 Qf6 14. Bxh7+ Kh8
15. Bc2 Ng4 16. h3 axb4 17. hxg4 bxa3 18. Qb4 c5 19. Qxb6 Ba6 20. Rfc1 Be2 21.
Qxc5 Bxf3 22. Nxf3 g5 23. Rxa3 Kg7 24. Rxa8 Rxa8 25. Qb5 Rh8 26. Qd3 Kf8 27. Rb1
Qh6 28. Rb8+ Ke7 29. Rxh8 Qg6 30. Qxg6 fxg6 31. Nxg5 Kd6 32. Bxg6 e5 33. Nf7+
Ke6 34. Nxe5 Kf6 35. Rh7 Kg5 36. f4+ Kf6 37. g5+ Ke6 38. Bf7+ Kd6 39. g6 Ke7 40.
Bxd5+ Kf6 41. g7 Kf5 42. g8=Q Kf6 43. Qf7# 1-0

[Event "AUTO-OPEN-669"]
[Site "http://www.queenalice.com/game.php?id=213895"]
[Date "2007.5.20"]
[Round "1"]
[White "AmericaRN"]
[Black "kloosterveen"]
[Result "0-1"]
[WhiteElo "927"]
[BlackElo "1773"]

1. e4 e6 2. d4 d5 3. e5 Nc6 4. Nf3 Bb4+ 5. c3 Ba5 6. Bd3 a6 7. Ng5 h6 8. Nxf7
Kxf7 9. Qf3+ Ke7 10. Bg6 Kd7 11. Bh5 Qe7 12. O-O b5 13. a4 Bb7 14. b4 Bb6 15. a5
Ba7 16. Qh3 Rf8 17. Bg4 Nd8 18. Be3 g5 19. Bxg5 Qxg5 20. f4 Qe7 21. f5 exf5 22.
Bxf5+ Ke8 23. Bd7+ Qxd7 24. Qh5+ Rf7 25. Rxf7 Qxf7 26. Qxf7+ Nxf7 27. Nd2 Ne7
28. e6 Ng5 29. Re1 Bc8 30. Nf3 Nxe6 31. Ne5 Bb8 32. Rf1 Rf8 33. Rf3 Rxf3 34.
Nxf3 Nf4 35. g3 Ne2+ 36. Kf2 Nxc3 37. Ke3 c6 38. Kd3 Ne4 39. Ke3 Bd6 40. Kd3
Bxb4 41. Ne5 Bxa5 42. g4 Bd2 43. Ke2 b4 44. h3 b3 45. h4 b2 46. g5 b1=Q 47. gxh6
Qe1+ 48. Kd3 Qe3+ 49. Kc2 Qxd4 0-1

[Event "Challenge"]
[Site "http://www.queenalice.com/game.php?id=214368"]
[Date "2007.5.21"]
[Round "-"]
[White "AmericaRN"]
[Black "sephiroth"]
[Result "0-1"]
[WhiteElo "1100"]
[BlackElo "1081"]

1. e4 e5 2. Bd3 Be7 3. Nf3 Bd6 4. O-O Nf6 5. Nh4 O-O 6. c3 a5 7. a4 c6 8. Na3
Qb6 9. Nc4 Qc5 10. Nxd6 Qxd6 11. b4 Qxd3 12. Re1 Nxe4 13. Ba3 Nxc3 14. Qb3 Qxd2
15. b5 d5 16. Nf3 Qf4 17. Qxc3 d4 18. Qc5 Nd7 19. Qd6 b6 20. Qc7 d3 21. Bxf8
Nxf8 22. Qxc6 Rb8 23. Rxe5 Bd7 24. Qc7 Rc8 25. Qxb6 Qb4 26. Qe3 Ng6 27. Rd5 Rd8
28. Ne5 Re8 29. Qg3 Be6 30. Nc6 Qb2 31. Rd1 Bxd5 32. Nxa5 Qc2 33. Qxd3 Qxd3 34.
Rxd3 Re1# 0-1

[Event "Payback"]
[Site "http://www.queenalice.com/game.php?id=215973"]
[Date "2007.5.24"]
[Round "-"]
[White "AmericaRN"]
[Black "sephiroth"]
[Result "1-0"]
[WhiteElo "891"]
[BlackElo "1117"]

1. d4 e6 2. e4 Nf6 3. e5 Nd5 4. Nf3 Be7 5. Bc4 O-O 6. Qd2 Bb4 7. c3 Ba5 8. b4
Bb6 9. Ng5 c6 10. O-O a6 11. Qd3 g6 12. Qh3 Re8 13. Qxh7+ Kf8 14. Qh8+ Ke7 15.
Qh4 Rh8 16. Nh7+ Ke8 17. Bg5 f6 18. Nxf6+ Nxf6 19. Qxh8+ Kf7 20. Qh4 d6 21. exf6
Nd7 22. Qh7+ Kf8 23. Bh6+ Ke8 24. f7+ Ke7 25. f8+=Q# 1-0

[Event "AUTO-BEG-105"]
[Site "http://www.queenalice.com/game.php?id=219648"]
[Date "2007.6.2"]
[Round "1"]
[White "kingtrishul"]
[Black "AmericaRN"]
[Result "1-0"]
[WhiteElo "1259"]
[BlackElo "869"]

1. e4 e5 2. Nf3 Nc6 3. Bb5 Nb4 4. Nc3 Nf6 5. a3 a6 6. Ba4 b5 7. axb4 Bxb4 8.
Bxb5 O-O 9. O-O Bb7 10. d3 Ng4 11. Ra4 Be7 12. Bc4 Bc5 13. d4 1-0

[Event "AUTO-BEG-105"]
[Site "http://www.queenalice.com/game.php?id=219649"]
[Date "2007.6.2"]
[Round "1"]
[White "AmericaRN"]
[Black "kingtrishul"]
[Result "0-1"]
[WhiteElo "868"]
[BlackElo "1259"]

1. e4 e5 2. Nf3 Nc6 3. Nc3 Nf6 4. d4 d6 5. d5 Ne7 6. Bb5+ Bd7 7. a4 Bxb5 8. axb5
c6 9. b6 Qxb6 10. Qd2 Ng4 11. O-O Ng6 12. dxc6 bxc6 0-1

[Event "AUTO-BEG-105"]
[Site "http://www.queenalice.com/game.php?id=219676"]
[Date "2007.6.2"]
[Round "1"]
[White "AmericaRN"]
[Black "ramones"]
[Result "0-1"]
[WhiteElo "883"]
[BlackElo "1128"]

1. e4 d6 2. d4 Qd7 3. Nc3 Nc6 4. Bb5 Qg4 5. Nf3 Bd7 6. O-O O-O-O 7. Bg5 h6 8.
Bh4 Nf6 9. d5 Rg8 10. dxc6 bxc6 11. Ba6+ Kb8 12. b4 g5 13. Bg3 Nh5 0-1

[Event "AUTO-BEG-105"]
[Site "http://www.queenalice.com/game.php?id=219677"]
[Date "2007.6.2"]
[Round "1"]
[White "ramones"]
[Black "AmericaRN"]
[Result "1-0"]
[WhiteElo "1111"]
[BlackElo "967"]

1. Nf3 d5 2. e3 Nc6 3. Bb5 Bd7 4. Qe2 Nb4 5. a3 Nxc2+ 6. Kf1 Nxa1 7. Ne5 Nf6 8.
Nxd7 Nxd7 9. Qg4 c6 10. Ba4 b5 11. Bd1 e6 12. Bf3 Nf6 13. Qd4 c5 14. Qf4 Bd6 15.
Qg5 O-O 16. h4 1-0